[Event "XIII American Continental"]
[Site "Montevideo URU"]
[Date "2018.06.10"]
[Round "11"]
[White "Slipak, Sergio"]
[Black "Coppola, Claudio"]
[Result "1-0"]
[WhiteElo "2420"]
[BlackElo "2228"]
[EventDate "2018.06.01"]
[PlyCount "82"]

1.d4 d5 2.c4 c6 3.Nf3 Nf6 4.Qb3 dxc4 5.Qxc4 Bg4 6.Nbd2 e6 7.g3 Nbd7 8.Bg2 
Be7 9.O-O O-O 10.Qb3 Qb6 11.Nc4 Qa6 12.e3 Nb6 13.Nce5 Bh5 14.h3 c5 15.g4 
Bg6 16.Nxg6 hxg6 17.Rd1 Rad8 18.Bd2 Nbd5 19.Rac1 Ne4 20.Be1 cxd4 21.Nxd4 
Nc5 22.Qc2 e5 23.Nb3 Nxb3 24.Qxb3 Nb6 25.Bc3 Bd6 26.Rd2 Qc4 27.Bxb7 Qxb3 
28.axb3 f6 29.Be4 Kf7 30.Ba5 Bb8 31.Rdc2 Rc8 32.Bd5+ Ke7 33.Bb4+ Bd6 34.
Rc7+ Rxc7 35.Rxc7+ Nd7 36.Ba3 a5 37.Ra7 Rc8 38.Be4 Bxa3 39.bxa3 Rc5 40.
Bxg6 Kd6 41.Bf5 Kd5 1-0

[Event "XIII American Continental"]
[Site "Montevideo URU"]
[Date "2018.06.10"]
[Round "11"]
[White "Coro, Lucas"]
[Black "Balzano, Ivan"]
[Result "1-0"]
[WhiteElo "2269"]
[BlackElo "2142"]
[EventDate "2018.06.01"]
[PlyCount "161"]

1.e4 c5 2.c3 d5 3.exd5 Qxd5 4.d4 Nf6 5.Nf3 e6 6.Bd3 cxd4 7.cxd4 Bb4+ 8.Nc3
O-O 9.O-O Qh5 10.Bg5 h6 11.Bxf6 gxf6 12.Bc2 Bxc3 13.bxc3 Rd8 14.Qd2 Bd7 
15.Qf4 Kg7 16.Rfe1 Bc6 17.Re3 Nd7 18.c4 Rg8 19.d5 exd5 20.Nd4 Kh8 21.Re7 
Rg4 22.Qf3 Rag8 23.g3 dxc4 24.Nxc6 Rxg3+ 25.Qxg3 Rxg3+ 26.hxg3 Nc5 27.Nd4 
Nd3 28.Bxd3 cxd3 29.Re3 d2 30.Rd3 Qa5 31.Nb3 Qb4 32.Rd1 b6 33.R1xd2 Kg7 
34.Nd4 Qc5 35.Ne2 Qb5 36.Nf4 Qb1+ 37.Kg2 Qe1 38.Re2 Qc1 39.Rd6 Qc5 40.Red2
Qf5 41.Kf3 Qa5 42.Rd7 Qc3+ 43.Kg4 Qa5 44.R7d5 Qb4 45.Kf5 Qb1+ 46.R2d3 Qxa2
47.Nh5+ Kh7 48.Nxf6+ Kg7 49.Nh5+ Kh7 50.f4 Qe2 51.Nf6+ Kg7 52.Rd6 b5 53.g4
a5 54.Ne4 b4 55.g5 h5 56.Ng3 Qc2 57.Nxh5+ Kf8 58.Rd8+ Ke7 59.Nf6 Qc5+ 60.
R8d5 Qc8+ 61.Ke4 Qc6 62.Ke3 Qc1+ 63.Ke4 Qc6 64.Ke5 Qc7+ 65.Kd4 Qxf4+ 66.
Kc5 Qc1+ 67.Kb5 Ke6 68.Kxa5 Qe1 69.Ka4 b3 70.Kxb3 Qb1+ 71.Kc3 Qc1+ 72.Kd4 
Qa1+ 73.Ke4 Qh1+ 74.Kf4 Qf1+ 75.Rf3 Qc4+ 76.Kg3 Qc1 77.Kg4 Qg1+ 78.Rg3 Qf2
79.Rdd3 Qf5+ 80.Kh4 Qf2 81.Re3+ 1-0

[Event "XIII American Continental"]
[Site "Montevideo URU"]
[Date "2018.06.10"]
[Round "11"]
[White "Larrea, Manuel"]
[Black "Cervantes Landeiro, Thalia"]
[Result "1/2-1/2"]
[WhiteElo "2268"]
[BlackElo "2087"]
[EventDate "2018.06.01"]
[PlyCount "55"]

1.e4 e5 2.Nf3 Nc6 3.Bc4 Bc5 4.c3 Nf6 5.d3 a6 6.O-O O-O 7.a4 Ba7 8.h3 d6 9.
Re1 Ne7 10.d4 Ng6 11.Bf1 c6 12.Nbd2 Qc7 13.Qc2 Nh5 14.b3 b5 15.Ba3 Rd8 16.
g3 Rb8 17.Bb2 Rf8 18.Qd1 Nf6 19.c4 bxc4 20.dxe5 dxe5 21.Nxc4 Be6 22.Qc2 
Nh5 23.Kh2 Qb7 24.Nfxe5 Qxb3 25.Qe2 Nxe5 26.Bxe5 Bxc4 27.Qxh5 Rbe8 28.Bxg7
1/2-1/2

[Event "XIII American Continental"]
[Site "Montevideo URU"]
[Date "2018.06.10"]
[Round "11"]
[White "Carvalho, Herbert Abreu"]
[Black "Cimer, Emanuel"]
[Result "1-0"]
[WhiteElo "2149"]
[BlackElo "2262"]
[EventDate "2018.06.01"]
[PlyCount "55"]

1.Nf3 Nf6 2.g3 g6 3.Bg2 Bg7 4.c4 O-O 5.d4 d6 6.Nc3 Nbd7 7.O-O e5 8.e4 c6 
9.b3 exd4 10.Nxd4 Nc5 11.Bf4 Qe7 12.Nxc6 bxc6 13.Bxd6 Qe6 14.Bxc5 Re8 15.
Re1 Ng4 16.Rc1 h5 17.f4 h4 18.h3 Nh6 19.g4 Kh7 20.e5 Bb7 21.Ne4 Kg8 22.Qc2
Nxg4 23.Ng5 Qc8 24.e6 f6 25.hxg4 fxg5 26.Qxg6 h3 27.Qf7+ Kh8 28.Qh5+ 1-0

[Event "XIII American Continental"]
[Site "Montevideo URU"]
[Date "2018.06.10"]
[Round "11"]
[White "Caceres Vasquez, Sergio"]
[Black "Pacheco, Daniel"]
[Result "1-0"]
[WhiteElo "2041"]
[BlackElo "2256"]
[EventDate "2018.06.01"]
[PlyCount "111"]

1.d4 e6 2.c4 b6 3.Nf3 Bb7 4.g3 Bb4+ 5.Bd2 Bxf3 6.exf3 Bxd2+ 7.Qxd2 Qf6 8.
Bg2 Nc6 9.d5 exd5 10.cxd5 Qe7+ 11.Kf1 Ne5 12.Nc3 O-O-O 13.d6 Qxd6 14.Qxd6 
cxd6 15.Nb5 Kb8 16.Nxd6 Nh6 17.f4 Nc6 18.Bd5 Rhf8 19.Kg2 Ne7 20.Bf3 Nhf5 
21.Rhd1 Nxd6 22.Rxd6 Kc7 23.Rd3 Ng8 24.Rc1+ Kb8 25.Rcd1 Kc7 26.Rc3+ Kb8 
27.Be2 Nf6 28.Ba6 Ne4 29.Re3 d5 30.b4 Rfe8 31.Bb5 Re6 32.f5 Red6 33.f3 Nf6
34.Re7 a6 35.Bxa6 R8d7 36.Rxd7 Rxd7 37.Bb5 Rc7 38.Rd2 Rc1 39.g4 Kc7 40.a4 
Kd6 41.a5 bxa5 42.bxa5 Ra1 43.a6 d4 44.Bc4 Kc5 45.Ra2 Rxa2+ 46.Bxa2 Nd7 
47.a7 Nb6 48.Bxf7 d3 49.Kf2 Kd4 50.Bb3 Kc3 51.Bd1 Kd2 52.Ba4 Kc1 53.f4 d2 
54.Bb3 Kb2 55.Bd1 Kc1 56.Bf3 1-0

[Event "XIII American Continental"]
[Site "Montevideo URU"]
[Date "2018.06.10"]
[Round "11"]
[White "Mafra, Kaiser Luiz"]
[Black "Betaneli, Alexander"]
[Result "1/2-1/2"]
[WhiteElo "2116"]
[BlackElo "2246"]
[EventDate "2018.06.01"]
[PlyCount "69"]

1.d4 d5 2.c4 e6 3.Nc3 Be7 4.Nf3 Nf6 5.Bg5 h6 6.Bh4 O-O 7.e3 b6 8.cxd5 Nxd5
9.Bxe7 Qxe7 10.Rc1 Bb7 11.Bd3 Rc8 12.O-O Nxc3 13.Rxc3 Nd7 14.Qe2 a6 15.
Rfc1 c5 16.a3 b5 17.dxc5 Rxc5 18.b4 Rxc3 19.Rxc3 Nf6 20.Qc2 Bxf3 21.gxf3 
Rd8 22.Rc6 Nd5 23.Rc8 Qd7 24.Rxd8+ Qxd8 25.Be4 Qc7 26.Qd2 Nb6 27.f4 f5 28.
Bf3 g5 29.fxg5 hxg5 30.Qd4 g4 31.Qc5 Qd8 32.Be2 Kf7 33.e4 Kg6 34.exf5+ 
exf5 35.Bd3 1/2-1/2

[Event "XIII American Continental"]
[Site "Montevideo URU"]
[Date "2018.06.10"]
[Round "11"]
[White "Kimelman Bercovici, Gabriel"]
[Black "Chang, Suzana"]
[Result "1-0"]
[WhiteElo "2279"]
[BlackElo "1994"]
[EventDate "2018.06.01"]
[PlyCount "41"]

1.c4 Nf6 2.g3 c5 3.Bg2 d5 4.cxd5 Nxd5 5.Nc3 Nc7 6.Nf3 Nc6 7.d3 e5 8.Be3 
Be7 9.O-O O-O 10.Rc1 Rb8 11.Ne4 b6 12.b4 Nxb4 13.Nxe5 Bb7 14.Qa4 a5 15.a3 
Nbd5 16.Bd2 f5 17.Nc3 Nxc3 18.Bxc3 Bxg2 19.Kxg2 Qd5+ 20.e4 Qe6 21.Nd7 1-0

[Event "XIII American Continental"]
[Site "Montevideo URU"]
[Date "2018.06.10"]
[Round "11"]
[White "Kapitanchuk, Tomas"]
[Black "Sauvageot Ledezma, Diego"]
[Result "1-0"]
[WhiteElo "2253"]
[BlackElo "2084"]
[EventDate "2018.06.01"]
[PlyCount "133"]

1.e4 c5 2.Nf3 Nc6 3.d4 cxd4 4.Nxd4 g6 5.c4 Nf6 6.Nc3 Nxd4 7.Qxd4 d6 8.f3 
Bg7 9.Bg5 O-O 10.Qd2 a5 11.Be2 Bd7 12.O-O Bc6 13.Rfd1 Nd7 14.Kh1 Nc5 15.b3
f5 16.exf5 Rxf5 17.Rac1 Ne6 18.Be3 Be5 19.Nd5 Qf8 20.Rf1 Nf4 21.Nxf4 Bxf4 
22.Bxf4 Rxf4 23.c5 d5 24.a3 Qf6 25.Rfd1 e5 26.b4 Rd4 27.Qc3 axb4 28.axb4 
Ra2 29.Bf1 Ba4 30.Re1 Qg5 31.Ra1 Rc4 32.Qd3 Rd4 33.Qc3 Rc4 34.Qxc4 dxc4 
35.Bxc4+ Kg7 36.Rxa2 Qh4 37.Re4 Qd8 38.Rae2 Qg5 39.Bd5 Bb5 40.Re1 Qd2 41.
Bxb7 Qf2 42.Rxe5 Bf1 43.f4 Qxf4 44.Re7+ Kh6 45.R7e4 Qf2 46.R4e3 Kg7 47.Bf3
h5 48.c6 h4 49.h3 Ba6 50.c7 Qb2 51.Re7+ Kh6 52.R7e4 Qf2 53.Rc1 Bc8 54.Bg4 
Qb2 55.Rcc4 Qa1+ 56.Kh2 Bb7 57.c8=Q Bxc8 58.Bxc8 g5 59.Bg4 Qa3 60.Rcd4 Kg6
61.b5 Qg3+ 62.Kh1 Qc3 63.b6 Kf6 64.Rd1 Qb3 65.Ree1 Kg7 66.Rb1 Qg8 67.b7 
1-0

[Event "XIII American Continental"]
[Site "Montevideo URU"]
[Date "2018.06.10"]
[Round "11"]
[White "Vergara Jofre, Felipe"]
[Black "Mariani, Daniel Brandao"]
[Result "1-0"]
[WhiteElo "2245"]
[BlackElo "2055"]
[EventDate "2018.06.01"]
[PlyCount "81"]

1.e4 e5 2.Nf3 Nf6 3.Nxe5 d6 4.Nf3 Nxe4 5.c4 Be7 6.d4 O-O 7.Bd3 d5 8.O-O 
Nc6 9.cxd5 Qxd5 10.Re1 Nf6 11.Nc3 Qd8 12.h3 h6 13.a3 Be6 14.Bc2 Re8 15.Qd3
Qd7 16.Be3 Rad8 17.Rad1 Bf8 18.Bf4 g6 19.Qd2 Kh7 20.Be5 Nxe5 21.Nxe5 Qd6 
22.Qf4 Bg7 23.Qg3 Bd5 24.f4 c6 25.Nxd5 Qxd5 26.f5 g5 27.h4 gxh4 28.Qxh4 
Kg8 29.Re3 Qd6 30.Rg3 Kf8 31.Bb3 Nd5 32.Rf1 Qf6 33.Qh5 Rd6 34.Kh1 Re7 35.
Rff3 Ke8 36.Rg4 Bf8 37.Rg8 Rxe5 38.dxe5 Qxe5 39.Rf1 Qe3 40.Bc4 Rf6 41.Qh4 
1-0

[Event "XIII American Continental"]
[Site "Montevideo URU"]
[Date "2018.06.10"]
[Round "11"]
[White "Cerda Albornoz, Guillermo"]
[Black "Saralegui, Mario"]
[Result "1-0"]
[WhiteElo "2195"]
[BlackElo "2069"]
[EventDate "2018.06.01"]
[PlyCount "47"]

1.e4 e5 2.Nf3 Nc6 3.Bc4 Nf6 4.d3 Be7 5.O-O O-O 6.c3 d5 7.exd5 Nxd5 8.Re1 
Bg4 9.h3 Bh5 10.Nbd2 Nf4 11.Nf1 Bd6 12.Ng3 Bg6 13.d4 exd4 14.Nxd4 Na5 15.
Bf1 Re8 16.Rxe8+ Qxe8 17.Nb5 Be5 18.Qa4 Nd3 19.Qxa5 Bxg3 20.fxg3 Nxc1 21.
Nxc7 Qe3+ 22.Kh2 Rf8 23.Nd5 Qf2 24.Rxc1 1-0

[Event "XIII American Continental"]
[Site "Montevideo URU"]
[Date "2018.06.10"]
[Round "11"]
[White "Bustelo, Tabare"]
[Black "Markzon, Gregory"]
[Result "1-0"]
[WhiteElo "2050"]
[BlackElo "2144"]
[EventDate "2018.06.01"]
[PlyCount "131"]

1.Nc3 c5 2.Nf3 d6 3.d4 cxd4 4.Nxd4 Nf6 5.Bg5 Nbd7 6.g3 a6 7.Bg2 e6 8.O-O 
Be7 9.e4 O-O 10.Qd2 Qc7 11.Rad1 Ne5 12.b3 h6 13.Bxf6 Bxf6 14.Nce2 Bd7 15.
f4 Ng6 16.c4 Rad8 17.Kh1 Bc8 18.h4 Rfe8 19.h5 Nf8 20.g4 Qe7 21.Nf3 Nh7 22.
Rg1 b6 23.Qe3 Bb7 24.Qxb6 Bxe4 25.Qxa6 Ra8 26.Qxd6 Qb7 27.Ne5 Bxg2+ 28.
Rxg2 Red8 29.Nd7 Bh4 30.c5 Qf3 31.Ng1 Qe4 32.Rd4 Qe3 33.c6 Nf6 34.Rd3 Qe4 
35.Rd4 Qe3 36.g5 Nxd7 37.cxd7 hxg5 38.fxg5 Bxg5 39.Rd3 Qe4 40.Qg3 Bh6 41.
Qf3 Qh4+ 42.Rh2 Qe7 43.Rc2 Ra7 44.Rc8 Rxd7 45.Rxd8+ Qxd8 46.Rxd7 Qxd7 47.
a4 Qd8 48.Ne2 Bd2 49.Qe4 Qd6 50.Kg2 f5 51.Qf3 Qe5 52.Ng3 Ba5 53.Qe2 Qd6 
54.Qb5 Qd8 55.b4 Bc7 56.Kh3 Kh7 57.Qc4 Qd6 58.Qc3 Qf4 59.a5 Bd6 60.a6 Bxb4
61.Qb3 Qg4+ 62.Kh2 f4 63.Qd3+ Kh6 64.Ne4 f3 65.Qe3+ Kxh5 66.Ng3+ 1-0

[Event "XIII American Continental"]
[Site "Montevideo URU"]
[Date "2018.06.10"]
[Round "11"]
[White "Granara Barreto, Sebastian"]
[Black "Garmendia Vega, Gabriel"]
[Result "0-1"]
[WhiteElo "2141"]
[BlackElo "2029"]
[EventDate "2018.06.01"]
[PlyCount "86"]

1.c4 f5 2.g3 Nf6 3.Bg2 g6 4.Nc3 Bg7 5.d3 d6 6.Nh3 O-O 7.O-O c6 8.Bd2 h6 9.
Qc1 g5 10.f4 gxf4 11.Nxf4 Qe8 12.e4 e5 13.Nfe2 Qh5 14.Qe1 Na6 15.Rd1 Nb4 
16.Bc1 Nc2 17.Qd2 Ng4 18.h3 Nge3 19.Rf3 Nxd1 20.Qxd1 Nd4 21.Nxd4 exd4 22.
Ne2 fxe4 23.g4 Qe8 24.Rxf8+ Qxf8 25.Bxe4 Be6 26.Nf4 Re8 27.Qe2 Be5 28.Ng6 
Qg7 29.Nf4 Qg5 30.Bg6 Bf7 31.Bxf7+ Kxf7 32.Qf2 Bxf4 33.Bxf4 Qf6 34.Bxh6 
Qxf2+ 35.Kxf2 Rh8 36.Bf4 Rxh3 37.Bg3 Rh1 38.Bxd6 Rb1 39.b4 Ke6 40.Bc5 b6 
41.Bf8 Ke5 42.g5 Kf5 43.Kf3 Re1 0-1

[Event "XIII American Continental"]
[Site "Montevideo URU"]
[Date "2018.06.10"]
[Round "11"]
[White "Cardozo, Camila"]
[Black "Lopez Falcon, Jorge"]
[Result "0-1"]
[WhiteElo "1586"]
[BlackElo "2120"]
[EventDate "2018.06.01"]
[PlyCount "88"]

1.d4 Nf6 2.Nf3 g6 3.c4 Bg7 4.Nc3 d5 5.cxd5 Nxd5 6.e4 Nxc3 7.bxc3 O-O 8.Be3
c5 9.Be2 Nc6 10.O-O Qa5 11.Qb3 Rd8 12.d5 Ne5 13.Nxe5 Bxe5 14.Rac1 Qc7 15.
f4 Bg7 16.e5 b6 17.Bf3 Rb8 18.Rfd1 Kh8 19.d6 exd6 20.exd6 Rxd6 21.Rxd6 
Qxd6 22.Qxf7 Qe6 23.Qxe6 Bxe6 24.c4 Rd8 25.Kf2 Bd4 26.Bc6 Kg7 27.h3 Bxe3+ 
28.Kxe3 Rd4 29.Bb5 h5 30.Rc3 Kf6 31.Ra3 a5 32.Rb3 h4 33.Be8 Rd6 34.Bb5 Bf5
35.Ba6 Ke7 36.Bb7 Bd7 37.Be4 Bf5 38.Bxf5 gxf5 39.Rd3 Rg6 40.Kf3 Rg3+ 41.
Ke2 Rxg2+ 42.Kf1 Rxa2 43.Rb3 Rc2 44.Rxb6 Rxc4 0-1

[Event "XIII American Continental"]
[Site "Montevideo URU"]
[Date "2018.06.10"]
[Round "11"]
[White "Rothebarth, Ana Vitoria de Paula"]
[Black "Da Silva Junior, Sediney Mari"]
[Result "1/2-1/2"]
[WhiteElo "2090"]
[BlackElo "1990"]
[EventDate "2018.06.01"]
[PlyCount "41"]

1.e4 e6 2.d4 d5 3.Nd2 c5 4.exd5 Qxd5 5.Ngf3 Nf6 6.Bc4 Qd8 7.O-O Nc6 8.Nb3 
cxd4 9.Nbxd4 Nxd4 10.Nxd4 Bc5 11.c3 O-O 12.Bg5 Bxd4 13.cxd4 Bd7 14.Qb3 Bc6
15.Rfd1 Bd5 16.Rac1 h6 17.Bh4 Rc8 18.Bxf6 Bxc4 19.Bxd8 Bxb3 20.Rxc8 Bxd1 
21.Rb8 1/2-1/2

[Event "XIII American Continental"]
[Site "Montevideo URU"]
[Date "2018.06.10"]
[Round "11"]
[White "Curi Milia, Gabriel"]
[Black "Chaves, Jorge Antonio Torres"]
[Result "1-0"]
[WhiteElo "2141"]
[BlackElo "1936"]
[EventDate "2018.06.01"]
[PlyCount "103"]

1.d4 Nf6 2.c4 c5 3.d5 g6 4.Nc3 Bg7 5.e4 d6 6.f3 O-O 7.Be3 a6 8.a4 Nbd7 9.
Nh3 Ne5 10.Nf2 h5 11.Be2 Rb8 12.O-O Kh7 13.Qd2 Qc7 14.h3 h4 15.Bg5 Rh8 16.
f4 Ned7 17.Bxh4 Kg8 18.Bg3 Nh5 19.Bh2 Bd4 20.Kh1 Ndf6 21.Bf3 Qa5 22.Rfe1 
Bd7 23.e5 Ne8 24.Nfe4 Qb4 25.Ng5 Nhg7 26.Nxf7 Kxf7 27.e6+ Bxe6 28.dxe6+ 
Kf8 29.Qd3 Nf5 30.Re2 Nf6 31.a5 b5 32.axb6 Qxb6 33.g4 Nh4 34.g5 Nh5 35.Bg4
Qc6+ 36.Nd5 Ng7 37.Qa3 Rb6 38.Qa4 Qb7 39.Qd7 Ne8 40.Rxa6 Rxa6 41.Qxb7 Ra1+
42.Bg1 Rxg1+ 43.Kh2 Rh7 44.Nf6 Nxf6 45.gxf6 Bxf6 46.Kxg1 Kg7 47.b3 Rh8 48.
Ra2 Kh6 49.Ra8 Rh7 50.Rf8 Nf5 51.Bxf5 Bd4+ 52.Kf1 1-0

[Event "XIII American Continental"]
[Site "Montevideo URU"]
[Date "2018.06.10"]
[Round "11"]
[White "Manzi, Luiz Antonio Bardaro"]
[Black "Borges, Guilherme Deola"]
[Result "1-0"]
[WhiteElo "2030"]
[BlackElo "2219"]
[EventDate "2018.06.01"]
[PlyCount "61"]

1.Nf3 Nf6 2.g3 g6 3.b3 Bg7 4.Bb2 O-O 5.Bg2 c5 6.c4 Nc6 7.O-O d6 8.d3 a6 9.
Nbd2 Rb8 10.Rc1 e5 11.Ne1 Nh5 12.Nc2 f5 13.a3 Bd7 14.b4 b6 15.e3 f4 16.
exf4 exf4 17.Bxg7 Kxg7 18.d4 cxd4 19.Nb3 Ne5 20.Ncxd4 Qf6 21.Re1 f3 22.Bf1
Rbd8 23.Rc3 g5 24.Nd2 g4 25.Ne4 Qg6 26.Rce3 Rfe8 27.c5 dxc5 28.bxc5 bxc5 
29.Nxc5 Bb5 30.Bxb5 axb5 31.Nde6+ 1-0

[Event "XIII American Continental"]
[Site "Montevideo URU"]
[Date "2018.06.10"]
[Round "11"]
[White "Soto, Nicolas"]
[Black "Carvalho, Guillermo"]
[Result "0-1"]
[WhiteElo "2011"]
[BlackElo "2195"]
[EventDate "2018.06.01"]
[PlyCount "62"]

1.e4 e5 2.Nf3 Nc6 3.Bb5 a6 4.Ba4 Nf6 5.d3 Be7 6.O-O d6 7.c3 O-O 8.Re1 b5 
9.Bc2 Re8 10.Nbd2 Bf8 11.Nf1 h6 12.Ng3 g6 13.a4 Bb7 14.d4 exd4 15.cxd4 Bg7
16.d5 Nb4 17.Bb1 c6 18.Qb3 a5 19.dxc6 bxa4 20.Qxa4 Bxc6 21.Qd1 d5 22.e5 
Ne4 23.Qd4 Bb7 24.Rd1 Nc6 25.Qxd5 Nxe5 26.Qb3 Nc5 27.Qc2 Nxf3+ 28.gxf3 Qf6
29.f4 Qc6 30.f3 Qxf3 31.Rf1 Bd4+ 0-1

[Event "XIII American Continental"]
[Site "Montevideo URU"]
[Date "2018.06.10"]
[Round "11"]
[White "Dominguez Barreto, Facundo"]
[Black "Torella, Rodolfo"]
[Result "1-0"]
[WhiteElo "2141"]
[BlackElo "2016"]
[EventDate "2018.06.01"]
[PlyCount "79"]

1.d4 Nf6 2.c4 c5 3.d5 e6 4.Nc3 exd5 5.cxd5 d6 6.Nf3 g6 7.e4 Bg7 8.Bg5 a6 
9.a4 Qa5 10.Nd2 O-O 11.Be2 Nbd7 12.O-O Qc7 13.Nc4 Nb6 14.e5 dxe5 15.d6 Qd8
16.Nxb6 Qxb6 17.Bxf6 Bxf6 18.d7 Qxb2 19.Nd5 Bd8 20.dxc8=Q Rxc8 21.Rb1 Qa3 
22.Rxb7 c4 23.Qc2 Bg5 24.Nb6 Rcd8 25.Bxc4 a5 26.Nd7 Qe7 27.Nc5 Qxc5 28.
Bxf7+ Rxf7 29.Qxc5 Rxb7 30.Qxa5 Bf6 31.Qa6 Rf7 32.a5 Rdd7 33.Qc8+ Kg7 34.
Rb1 Rc7 35.Qe6 Rfe7 36.Qb6 Red7 37.a6 Bd8 38.Qe3 Bf6 39.g3 Ra7 40.Qxa7 1-0

[Event "XIII American Continental"]
[Site "Montevideo URU"]
[Date "2018.06.10"]
[Round "11"]
[White "Guerrero, Alvaro"]
[Black "Izquierdo, Sebastian"]
[Result "1-0"]
[WhiteElo "2116"]
[BlackElo "1992"]
[EventDate "2018.06.01"]
[PlyCount "74"]

1.d4 d5 2.Nf3 c6 3.g3 f5 4.Bg2 e6 5.O-O Bd6 6.b3 Qe7 7.Bb2 Nf6 8.c4 O-O 9.
Qc1 a5 10.c5 Bc7 11.Nc3 Nbd7 12.Na4 e5 13.dxe5 Nxe5 14.Nb6 Nxf3+ 15.exf3 
Bxb6 16.cxb6 Qf7 17.Re1 Ra6 18.Bd4 Nd7 19.Bf1 Ra8 20.Qa3 Re8 21.f4 Nf8 22.
b4 Ne6 23.Be5 Qe7 24.Bc3 Bd7 25.Qb2 axb4 26.Bxb4 Qf7 27.Rac1 Qf6 28.Re5 
Nf8 29.Bc3 Rxe5 30.Bxe5 Qe7 31.Ra1 Ne6 32.a4 Qc5 33.Bd3 Qf8 34.a5 Nc5 35.
Bf1 Na6 36.Rd1 Kf7 37.Bd3 g6 1-0

[Event "XIII American Continental"]
[Site "Montevideo URU"]
[Date "2018.06.10"]
[Round "11"]
[White "Avgoustopoulos, Christian"]
[Black "Palma Neira, Eliseo Maximiliano"]
[Result "0-1"]
[WhiteElo "2110"]
[BlackElo "1956"]
[EventDate "2018.06.01"]
[PlyCount "78"]

1.e4 e5 2.Nf3 Nc6 3.d4 exd4 4.Nxd4 Nf6 5.Nxc6 bxc6 6.Bd3 d5 7.exd5 cxd5 8.
O-O c6 9.Bf4 Bd6 10.Re1+ Be6 11.Bg5 h6 12.Bh4 g5 13.Bg3 Bxg3 14.hxg3 O-O 
15.Nd2 Kg7 16.Nb3 Qb6 17.Qf3 c5 18.Bf5 c4 19.Nd2 Bxf5 20.Qxf5 Qxb2 21.Nf3 
Rae8 22.Rab1 Qc3 23.Rxe8 Rxe8 24.Rb7 Qa1+ 25.Kh2 Re4 26.g4 Rf4 27.Qe5 Qxe5
28.Nxe5 Nxg4+ 29.Nxg4 Rxg4 30.Rxa7 Rd4 31.Kg3 Rd2 32.a4 Rxc2 33.a5 Ra2 34.
a6 Kf6 35.Ra8 Ke5 36.a7 Kd4 37.Kg4 c3 38.Kh5 c2 39.Rc8 Kd3 0-1

[Event "XIII American Continental"]
[Site "Montevideo URU"]
[Date "2018.06.10"]
[Round "11"]
[White "Arias Bouzada, Jorge"]
[Black "Vazquez, Facundo"]
[Result "1-0"]
[WhiteElo "2097"]
[BlackElo "1969"]
[EventDate "2018.06.01"]
[PlyCount "109"]

1.c4 Nf6 2.Nc3 g6 3.e4 d6 4.d4 Bg7 5.Nf3 O-O 6.Be2 Na6 7.O-O e5 8.d5 Nc5 
9.Qc2 a5 10.Ne1 h5 11.Bg5 Qd7 12.f3 Nh7 13.Be3 Qe7 14.Nd3 Bf6 15.a3 Bg5 
16.Bf2 f5 17.b4 Na6 18.c5 Nf6 19.Rab1 fxe4 20.fxe4 Bg4 21.h3 Bxe2 22.Qxe2 
axb4 23.axb4 Rf7 24.Ra1 Raf8 25.c6 bxc6 26.Rxa6 cxd5 27.exd5 e4 28.Re1 Re8
29.Qa2 Qf8 30.Nb2 e3 31.Bg3 h4 32.Bh2 Nh5 33.Qb1 Qg7 34.Ne2 Bf4 35.Ra2 g5 
36.Nd3 Bxh2+ 37.Kxh2 g4 38.Rf1 gxh3 39.gxh3 Rxf1 40.Qxf1 Kh8 41.Qf3 Qg5 
42.Ra1 Qh6 43.Rg1 Rf8 44.Qe4 Nf6 45.Qd4 Re8 46.Rg4 Qf8 47.Rxh4+ Kg7 48.
Ndf4 Kf7 49.Ne6 Qg8 50.Rf4 Qg6 51.Qxe3 Rg8 52.Ng3 Qc2+ 53.Rf2 Qg6 54.Nxc7 
Kg7 55.Qe7+ 1-0

[Event "XIII American Continental"]
[Site "Montevideo URU"]
[Date "2018.06.10"]
[Round "11"]
[White "Ramos, Angelo Bil"]
[Black "Restuccia, Francisco"]
[Result "0-1"]
[WhiteElo "1926"]
[BlackElo "2094"]
[EventDate "2018.06.01"]
[PlyCount "114"]

1.e4 c5 2.Nf3 d6 3.c3 Nf6 4.Be2 Bd7 5.d3 Bc6 6.O-O Nbd7 7.Re1 g6 8.Nbd2 
Bg7 9.Bf1 Ne5 10.h3 Nxf3+ 11.Nxf3 O-O 12.Bg5 e5 13.Qd2 Qc7 14.Rad1 Rfe8 
15.c4 Nh5 16.g3 f5 17.Bh6 Bxh6 18.Qxh6 f4 19.g4 Nf6 20.Be2 Qf7 21.Ng5 Qd7 
22.Kh2 Kh8 23.Qh4 Ng8 24.Nf3 h6 25.g5 h5 26.Rg1 Kg7 27.Ne1 Ne7 28.f3 b5 
29.Qf2 Reb8 30.Bf1 Qe6 31.b3 Bd7 32.h4 a5 33.Bg2 a4 34.Nc2 Nc6 35.Rd2 axb3
36.axb3 Qe8 37.Ra1 Rxa1 38.Nxa1 Nd4 39.Ra2 Ra8 40.Qb2 Qb8 41.Nc2 Rxa2 42.
Qxa2 Nxc2 43.Qxc2 Qa7 44.Bh3 Bxh3 45.Kxh3 Qa1 46.Kg2 b4 47.Kh2 Qe1 48.Qg2 
Qxh4+ 49.Kg1 Qe1+ 50.Qf1 Qe3+ 51.Kg2 Kf7 52.Qd1 Ke7 53.Qc2 Qe1 54.Qa2 Qg3+
55.Kf1 Qxf3+ 56.Kg1 Qg3+ 57.Kf1 Qxd3+ 0-1

[Event "XIII American Continental"]
[Site "Montevideo URU"]
[Date "2018.06.10"]
[Round "11"]
[White "Izquierdo, Daniel"]
[Black "Ledezma Panades, Hernan Javier"]
[Result "1/2-1/2"]
[WhiteElo "2078"]
[BlackElo "1887"]
[EventDate "2018.06.01"]
[PlyCount "110"]

1.d4 Nf6 2.Nf3 g6 3.c4 Bg7 4.Nc3 O-O 5.e4 d6 6.Be2 e5 7.d5 a5 8.Bg5 h6 9.
Bh4 Na6 10.Nd2 Qe8 11.O-O Bd7 12.b3 Nh7 13.f3 h5 14.a3 Bh6 15.Bf2 Qe7 16.
Qc2 h4 17.Kh1 Bg5 18.Rab1 Nc5 19.b4 axb4 20.axb4 Na4 21.c5 Nxc3 22.Qxc3 
Nf6 23.b5 Nh5 24.c6 bxc6 25.dxc6 Be6 26.Rfd1 Bf4 27.Bc4 Kg7 28.Nf1 Rh8 29.
Kg1 Bc8 30.b6 cxb6 31.Rxb6 Qg5 32.Ne3 Bh3 33.Rb2 Rab8 34.Rc2 Bxg2 35.Nxg2 
Ng3 36.Be3 Nh5 37.Bxf4 Nxf4 38.Kh1 Nh5 39.c7 Rbc8 40.Ba6 h3 41.Bxc8 hxg2+ 
42.Rxg2 Ng3+ 43.Rxg3 Qxg3 44.Rd2 Qe1+ 45.Kg2 Rxc8 46.Rc2 Qxc3 47.Rxc3 Kf6 
48.Kg3 Ke6 49.Kg4 f6 50.h4 Kd7 51.h5 gxh5+ 52.Kxh5 Rxc7 53.Rxc7+ Kxc7 54.
Kg6 d5 55.exd5 Kd6 1/2-1/2

[Event "XIII American Continental"]
[Site "Montevideo URU"]
[Date "2018.06.10"]
[Round "11"]
[White "Nascimento, Pedro Henrique Alves"]
[Black "Medrano, Mario"]
[Result "0-1"]
[WhiteElo "1979"]
[BlackElo "2073"]
[EventDate "2018.06.01"]
[PlyCount "118"]

1.d4 Nf6 2.c4 d6 3.Nf3 g6 4.Nc3 Bg7 5.e4 O-O 6.Be2 e5 7.d5 Na6 8.Bg5 h6 9.
Bh4 Qe8 10.Nd2 b6 11.O-O Bb7 12.a3 c5 13.dxc6 Bxc6 14.b4 Nc7 15.Bxf6 Bxf6 
16.Nd5 Nxd5 17.cxd5 Ba4 18.Nb3 Bg5 19.g3 Rc8 20.Qd3 f5 21.f3 Qe7 22.h4 
Bxh4 23.gxh4 Qxh4 24.Rab1 Qg3+ 25.Kh1 f4 26.Qd2 Rc7 27.Na1 Qh3+ 28.Kg1 Rf5
29.exf5 Qg3+ 30.Kh1 Qh4+ 31.Kg1 Qg3+ 32.Kh1 Qh3+ 33.Kg1 gxf5 34.Ba6 Rg7+ 
35.Kf2 Qh4+ 36.Ke2 Rg2+ 37.Kd3 e4+ 38.Kc3 Rxd2 39.Kxd2 Qf6 40.Nc2 b5 41.
Bc8 Qh4 42.Be6+ Kf8 43.Nd4 Qh2+ 44.Ne2 e3+ 45.Kd3 Bc2+ 46.Kxc2 Qxe2+ 47.
Kb3 Qd3+ 48.Kb2 e2 49.Rg1 Qxf3 50.Rbc1 Qe3 51.Bg8 Qxg1 52.Rxg1 f3 53.Be6 
f2 54.Rg8+ Ke7 55.Rg7+ Kd8 56.Rg8+ Kc7 57.Rg7+ Kd8 58.Rg8+ Kc7 59.Rg7+ Kb6
0-1

[Event "XIII American Continental"]
[Site "Montevideo URU"]
[Date "2018.06.10"]
[Round "11"]
[White "Andrade, Roberto Luiz Costa"]
[Black "Belistri, Ubaldo"]
[Result "1-0"]
[WhiteElo "2060"]
[BlackElo "1867"]
[EventDate "2018.06.01"]
[PlyCount "57"]

1.e4 e6 2.d4 d5 3.Nc3 Bb4 4.e5 c5 5.a3 Bxc3+ 6.bxc3 Qc7 7.Qg4 f6 8.Bb5+ 
Nc6 9.Nf3 Qf7 10.a4 Bd7 11.O-O Nge7 12.Ba3 cxd4 13.cxd4 a6 14.Bd3 f5 15.
Qh3 h6 16.Rfb1 O-O-O 17.Bd6 g5 18.Nd2 Nxd4 19.Bxa6 Bc6 20.Qc3 bxa6 21.Qxd4
Kd7 22.Qa7+ Ke8 23.Qxa6 Bd7 24.Rb7 Nc6 25.Rab1 Rh7 26.Rc7 f4 27.Rbb7 Qf5 
28.Rxd7 Rhxd7 29.Qxc6 1-0

[Event "XIII American Continental"]
[Site "Montevideo URU"]
[Date "2018.06.10"]
[Round "11"]
[White "Okamura, Milton Kasuo"]
[Black "Kulik, Nicolas"]
[Result "1-0"]
[WhiteElo "2050"]
[BlackElo "1367"]
[EventDate "2018.06.01"]
[PlyCount "85"]

1.d4 e6 2.c4 f5 3.g3 Nf6 4.Bg2 c6 5.Nf3 Be7 6.O-O O-O 7.b3 d6 8.Bb2 Bd7 9.
Nbd2 Be8 10.Ng5 Qc8 11.Rc1 d5 12.f3 h6 13.Nh3 Nbd7 14.e4 fxe4 15.fxe4 Bf7 
16.e5 Nh7 17.cxd5 exd5 18.Nf4 Nb6 19.Qe2 Ng5 20.a4 a5 21.Qd3 Qe8 22.Rce1 
Ne6 23.Bh3 Nxf4 24.gxf4 Bg6 25.f5 Bh7 26.Qg3 Bg5 27.Nf3 Bxf5 28.Nxg5 Qg6 
29.Bxf5 Rxf5 30.Nh3 Qh5 31.Rxf5 Qxf5 32.Rf1 Qc2 33.Bc1 Qh7 34.Qg4 Rf8 35.
Qe6+ Rf7 36.Qxf7+ Kh8 37.Qe8+ Qg8 38.Rf8 Qxf8 39.Qxf8+ Kh7 40.Nf4 Nd7 41.
Qf7 b5 42.Ne6 Nf6 43.Qxg7# 1-0